Aspectos del empleo en República Dominicana

Salvato in:
Dettagli Bibliografici
Autore principale: Rodríguez Nuñez, Pablo
Natura: testo
Pubblicazione: Santo Domingo :
Tags: Aggiungi Tag
Nessun Tag, puoi essere il primo ad aggiungerne!!

MARC

LEADER 00000 a a2200000 04500
001 15768
003
040 |a CRAI/IIS  |c CRAI/IIS 
090 |a 014800  
100 |a Rodríguez Nuñez, Pablo  
245 |a Aspectos del empleo en República Dominicana  
260 |a Santo Domingo :  
300 |a 2; 20 p.  
999 |c 4318  |d 4318